000 00372nam a22001337a 4500
999 _c8451
_d8452
008 200227b ||||| |||| 00| 0 eng d
082 _a808 LIT
100 _aRoyal Thimphu College
245 _aLIT318 House of Mirrors:
_bPostmodernist Literature.
260 _aThimphu ;
_bRoyal Thimphu College,
_c2020.
300 _a20 p.
_c30 cm.
650 _aCourse Pack.
942 _2ddc